000 00450nam a2200157Ia 4500
003 GCL
008 140319s9999 xx 000 0 ara d
040 _aGCL /
_cGCL
082 0 4 _a812.042
_bد ث
100 1 _aدفيبا، لوب
245 1 0 _aثورة فلاحين /
_cدفيبا، لوب
490 _aروائع المسرح العالمى
_v0
650 0 4 _aالمسرحيات
650 0 4 _aالمسرحيات الفرنسية
942 _2ddc
_cBK
999 _c39897
_d39897